00585nam a2200145Ia 4500008004100000020002900041100001400070245015800084250001100242260002300253300001400276942001400290999001300304952012200317180130s9999||||xx |||||||||||||| ||und|| cNT350a978-986-213-609-6 a鍾玉玨 0c鍾玉玨a三個小承諾,預約更好的自己:用一點一滴的小舉動,每天實踐3個小承諾──遠離垃圾循環,進入承諾循環 a初版 c2015.05a台北市 c cm.a p. 2cclcBOOK c803d803 00102ccl4070ayeezenbyeezend2018-01-30l1m1o494.35 pC02172r2021-10-06 00:00:00s2021-09-13w2018-01-30yBOOK